000 00683nam a22002417a 4500
003 UA-OsUOA
001 51487
007 ta
008 20140909b un ||||| |||| 00| 0 ukr d
100 _aTremblay E.
090 _a27(477)
942 _cBK
040 _aUA-OsUOA
_beng
_cUA-OsUOA
_dUA-OsUOA
245 _aThe Ukrainian Paradox
300 _a135 p.
955 _a4
041 _aeng
080 _a27(477)
260 _aDuck Lake
_bThe Icon Press
_c1982
650 7 _a27 Загальна історія Християнської церкви
_2UDC
999 _c431612
_d431612